| 000 | 00638nam a2200265Ia 4500 | ||
|---|---|---|---|
| 008 | 171025s9999 xx 000 0 und d | ||
| 020 | _a9780545244688 | ||
| 050 | _a793.73 | ||
| 050 | _bW636ou 2013 | ||
| 100 | _aWick, Walter | ||
| 245 | _aCan you see what I see? : | ||
| 245 | _bout of this world / | ||
| 245 | _cWalter Wick. | ||
| 260 | _aUSA : | ||
| 260 | _bScholastic, | ||
| 260 | _c2013 | ||
| 300 | _a35 pages : | ||
| 300 | _billustrations ; | ||
| 300 | _c27cm. | ||
| 440 | _aCan you see what I see? | ||
| 650 | _aPicture puzzles -- | ||
| 650 | _xJuvenile literature. | ||
| 700 | _aSeries. | ||
| 700 | _aTitle. | ||
| 999 |
_c344792 _d344792 |
||